McCormack on Communicating /

Wedi'i Gadw mewn:
Manylion Llyfryddiaeth
Prif Awdur: Mccormack, Mark H.
Fformat: Sách giấy
Iaith:English
Cyhoeddwyd: London : Century, 1996
Tagiau: Ychwanegu Tag
Dim Tagiau, Byddwch y cyntaf i dagio'r cofnod hwn!
Thư viện lưu trữ: Thư viện Trường Đại học Đà Lạt
LEADER 00523nam a2200229 4500
001 DLU020000485
005 ##12/21/1998
041 # # |a eng 
082 # # |a 650.1  |b MC-M 
100 # # |a Mccormack, Mark H. 
245 # # |a McCormack on Communicating /  |c Mark H. McCormack  
260 # # |a London :  |b Century,  |c 1996 
300 # # |a 184 tr.;  |c 20 cm. 
992 # # |a 8000 
994 # # |a DLU 
900 # # |a False 
911 # # |a Administrator 
925 # # |a G 
926 # # |a A 
927 # # |a SH 
980 # # |a Thư viện Trường Đại học Đà Lạt